=LDR 00000nam 2200000 4500 =001 NUTBA000000000004171 =005 20140904091143.0 =006 =007 =008 =020 ##$$a 978-602-19245-8-7 =035 ##$$a 0010-091400000000204 =040 ##$$a NBPDMAT =082 ##$$a 663.63 =084 ##$$a 663.63 Mut d =100 ##$$a Mutiara Syafiii =245 ##$$a Dahsyatnya Khasiat Jus untuk Diabetes / $c Mutiara Syafii =250 ##$$a Cet. 1 =260 ##$$a Jakarta : $b Dunia Sehat, $c 2012 =300 ##$$a vi, 92 hlm. : $b ilus. ; $c 29 cm. =500 ##$$a Bibliografi : hlm.92 =650 ##$$a MINUMAN JUS =990 ##$$a 21408072